قواعد الدعوة إلى الله جل جلاله / (Record no. 124139)

MARC details
000 -الفاتح
عناصر البيانات ثابتة الطول 00678cam a2200193 i 4500
005 - تاريخ ووقت آخر معاملة
حقل ضبط 20251203095645.0
008 - عناصر البيانات ثابتة الطول
عناصر البيانات ثابتة الطول 250721s2011 jo gr 000 0 ara d
082 14 - رقم تصنيف ديوي العشري
رقم التصنيف 214.1
رقم المادة س ع ي
100 1# - مدخل رئيسي – اسم شخصي
الاسم الشخصي سعيد، همام عبد الرحيم
علاقة الشخص بالعمل/ دوره مؤلف.
245 10 - بيان العنوان
العنوان قواعد الدعوة إلى الله جل جلاله /
بيان المسؤولية الدكتور همام سعيد.
250 ## - بيان الطبعة
بيان الطبعة الطبعة الاولى.
264 1# - بيانات النشر، التوزيع…إلخ
مكان النشر، التوزيع...إلخ عمان :
اسم الناشر، الموزع...إلخ دار الفرقان للطباعة والنشر،
تاريخ النشر، التوزيع...إلخ 2011.
300 ## - الوصف المادي
عدد الوحدات المكونة للوعاء 197 صفحة.
650 17 - مدخل إضافي بالموضوع - مصطلح موضوعي
مصطلح موضوعي أو اسم جغرافي كعنصر مدخل الشريعة الإسلامية.
650 17 - مدخل إضافي بالموضوع - مصطلح موضوعي
مصطلح موضوعي أو اسم جغرافي كعنصر مدخل الديانات.
650 17 - مدخل إضافي بالموضوع - مصطلح موضوعي
مصطلح موضوعي أو اسم جغرافي كعنصر مدخل الله
942 ## - بيانات إضافية (كوها)
نوع التنصيف Dewey Decimal Classification
نوع المادة (كوها) Books
Holdings
حالة السحب حالة الفقدان مصدر التصنيف حالة التلف غير قابل للإعارة المكتبة الرئيسية المكتبة الحالية موقع الرف تاريخ التزويد الرقم المتسلسل Total Checkouts رقم الإستدعاء الباركود تاريخ آخر ظهور تاريخ الفاتورة نوع المادة (كوها)
    Dewey Decimal Classification     المكتبة المركزية المكتبة المركزية الإعارة 28/07/2025 1499670   214.1 / س ع ي PLD00228473 28/07/2025 28/07/2025 Books
    Dewey Decimal Classification     مكتبة أبو علندا العامة مكتبة أبو علندا العامة الإعارة 17/10/2011 1499677   214.1/سعي PLD00228600 28/07/2025 17/10/2011 Books
    Dewey Decimal Classification     مكتبة أم قصير والمقابلين العامة مكتبة أم قصير والمقابلين العامة الإعارة 17/10/2011 1499674   214.1/سعي PLD00228597 28/07/2025 17/10/2011 Books
    Dewey Decimal Classification     مكتبة الجويدة مكتبة الجويدة الإعارة 17/10/2011 1499678   214.1/سعي PLD00228601 28/07/2025 17/10/2011 Books
    Dewey Decimal Classification     مكتبة الحسن العامة مكتبة الحسن العامة الإعارة 17/10/2011 1499679   214.1/سعي PLD00228602 28/07/2025 17/10/2011 Books
    Dewey Decimal Classification     مكتبة النصر العامة مكتبة النصر العامة الإعارة 17/10/2011 1499673   214.1/سعي PLD00228596 28/07/2025 17/10/2011 Books
    Dewey Decimal Classification     مكتبة حمزة العامة مكتبة حمزة العامة الإعارة 17/10/2011 1499675   214.1/سعي PLD00228598 28/07/2025 17/10/2011 Books
    Dewey Decimal Classification     مكتبةمؤتة مكتبةمؤتة الإعارة 17/10/2011 1499676   214.1/سعي PLD00228599 28/07/2025 17/10/2011 Books
Implemented & Customized by: BBB with SCIT (Smart Chains for Information Technology)

Powered by Koha